Leading Cricket Test Bowlers - Extreme - Statistics

General Stats
  • This quiz has been taken 62 times
  • The average score is 52 of 100
Answer Stats
country years wickets player % Correct
AUS 1992-2007 708 Shane Warne
96%
AUS 1993-2007 563 Glenn McGrath
94%
ENG 2003-2018 565 James Anderson
94%
SL 1992-2010 800 Muttiah Muralitharan
88%
IND 1978-1994 434 Kapil Dev
86%
ENG 2007-2018 433 Stuart Broad
86%
WI 1984-2001 519 Courtney Walsh
84%
IND 1990-2008 619 Anil Kumble
82%
WI 1988-2000 405 Curtly Ambrose
82%
ENG 1977-1992 383 Ian Botham
82%
IND 2000-2014 311 Zaheer Khan
82%
PAK 1971-1992 362 Imran Khan
80%
NZ 1973-1990 431 Richard Hadlee
80%
SA 2004-2018 421 Dale Steyn
78%
WI 1978-1991 376 Malcolm Marshall
78%
SA 1995-2008 421 Shaun Pollock
78%
AUS 1999-2008 310 Brett Lee
76%
AUS 1971-1984 355 Dennis Lillee
76%
IND 1998-2015 417 Harbhajan Singh
76%
IND 2011-2018 336 Ravi Ashwin
76%
PAK 1989-2003 363 Waqar Younis
76%
NZ 1997-2014 362 Daniel Vettori
74%
SA 1992-2002 330 Allan Donald
72%
SA 1998-2009 390 Makhaya Ntini
72%
AUS 2011-2018 318 Nathan Lyon
72%
PAK 1985-2002 414 Wasim Akram
72%
SL 1994-2009 355 Chaminda Vaas
70%
ENG 2008-2013 255 Graeme Swann
70%
AUS 2007-2015 313 Mitchell Johnson
70%
AUS 2011-2018 186 Mitchell Starc
70%
IND 1966-1979 266 Bishan Bedi
66%
SA 1995-2013 292 Jacques Kallis
66%
WI 1975-1987 249 Michael Holding
66%
WI 1977-1987 259 Joel Garner
64%
SL 1999-2018 433 Rangana Herath
64%
ENG 1998-2009 226 Andrew Flintoff
60%
ENG 1971-1984 325 Bob Willis
60%
NZ 2008-2018 220 Tim Southee
60%
WI 1954-1974 235 Garry Sobers
58%
PAK 1997-2007 178 Shoaib Akhtar
58%
SA 2006-2018 309 Morne Morkel
54%
WI 1974-1983 202 Andy Roberts
52%
ENG 1994-2003 229 Darren Gough
52%
ENG 1952-1965 307 Freddie Trueman
52%
IND 2007-2018 256 Ishant Sharma
52%
AUS 1996-2006 259 Jason Gillespie
52%
IND 1991-2002 236 Javagal Srinath
52%
NZ 2011-2018 220 Trent Boult
52%
ENG 1966-1982 297 Derek Underwood
50%
ENG 1948-1959 193 Jim Laker
50%
ENG 2002-2009 226 Steve Harmison
50%
ENG 1993-2003 234 Andrew Caddick
48%
WI 1958-1976 309 Lance Gibbs
48%
IND 2012-2018 185 Ravi Jadeja
48%
PAK 1995-2004 208 Saqlain Mushtaq
48%
PAK 1977-1990 236 Adbul Qadir
46%
AUS 1984-1996 291 Craig McDermott
46%
AUS 1972-1985 200 Jeff Thomson
46%
ZIM 1993-2005 216 Heath Streak
44%
AUS 1952-1964 248 Richie Benaud
44%
PAK 2009-2014 178 Saeed Ajmal
44%
SA 2011-2018 205 Vernon Philander
44%
ENG 2014-2018 163 Moeen Ali
42%
AUS 2008-2018 214 Peter Siddle
42%
BAN 2007-2018 201 Shakib al Hasan
42%
AUS 1998-2008 208 Stuart MacGill
42%
NZ 1989-2004 218 Chris Cairns
40%
AUS 1985-1994 212 Merv Hughes
40%
ENG 2000-2008 248 Matthew Hoggard
38%
NZ 2000-2013 233 Chris Martin
36%
ENG 2006-2013 167 Monty Panesar
36%
PAK 1990-2003 189 Mushtaq Ahmed
36%
IND 1962-1978 189 Erapalli Prasanna
34%
ENG 1989-1998 177 Angus Fraser
32%
WI 1989-1998 161 Ian Bishop
32%
ENG 1965-1976 202 John Snow
32%
AUS 1946-1956 170 Keith Miller
32%
PAK 2014-2018 193 Yasir Shah
32%
ENG 1946-1955 236 Alec Bedser
30%
IND 1964-1979 242 Bhagwat Chandrasekhar
30%
NZ 1987-1997 160 Danny Morrison
28%
WI 2009-2018 164 Kemar Roach
28%
AUS 1946-1960 228 Ray Lindwall
28%
AUS 1981-1991 170 Terry Alderman
28%
ENG 1952-1968 174 Tony Lock
28%
PAK 2000-2010 261 Danish Kaneria
26%
AUS 1980-1989 180 Geoff Lawson
26%
ENG 1901-1914 189 Sidney Barnes
26%
IND 1946-1959 162 Vinoo Mankad
26%
ENG 1951-1965 252 Brian Statham
24%
AUS 1953-1963 186 Alan Davidson
22%
PAK 2003-2013 163 Umar Gul
22%
AUS 1925-1936 216 Clarrie Grimmett
20%
WI 2003-2012 165 Fidel Edwards
20%
WI 1958-1969 192 Wes Hall
20%
AUS 1961-1971 246 Graham McKenzie
18%
AUS 1947-1955 160 Bill Johnston
14%
SA 1949-1960 170 Hugh Tayfield
12%
PAK 1976-1988 171 Iqbal Qasim
12%
PAK 1969-1984 177 Sarfraz Nawaz
12%
No matching quizzes found
Score Distribution
Percent of People with Each Score
Percentile by Number Answered
Your Score History
You have not taken this quiz